Statistiken für Hexadezimalzahlen in Dezimalzahlen umrechnen

Klicken Sie hier um das Quiz zu spielen!

Allgemein

  • Dieses Quiz wurde 251 mal gespielt
    (4 seit der letzten Aktualisierung)
  • Das Durchschnittsergebnis liegt bei 14 aus 20

Antwortstatistiken

HintAntwort% Korrekt
00
100%
B11
100%
1319
100%
1622
100%
1723
100%
1824
100%
1925
100%
1B27
100%
1C28
100%
1E30
100%
2032
100%
2436
100%
2537
100%
2638
100%
2739
100%
44
100%
2840
100%
2941
100%
2E46
100%
3452
100%
3957
100%
3A58
100%
77
100%
88
100%
22
50%
2F47
50%
3C60
50%
11
0%
A10
0%
C12
0%
D13
0%
E14
0%
F15
0%
1016
0%
1117
0%
1218
0%
1420
0%
1521
0%
1A26
0%
1D29
0%
33
0%
1F31
0%
2133
0%
2234
0%
2335
0%
2A42
0%
2B43
0%
2C44
0%
2D45
0%
3048
0%
3149
0%
55
0%
3250
0%
3351
0%
3553
0%
3654
0%
3755
0%
3856
0%
3B59
0%
66
0%
99
0%

Verteilung der Resultate

Perzentil nach korrekt beantworteten Fragen

Anzahl Personen mit jedem Resultat

Ihre Resultats-Entwicklung

Sie haben dieses Quiz seit der letzten Aktualisierung nicht gespielt